[Event "Milan SSM Septembre"]
[Site "Milan"]
[Date "2015.09.11"]
[Round "2"]
[White "Crippa, Oscar"]
[Black "Marchini, Daniele"]
[Result "0-1"]
[WhiteElo "1686"]
[BlackElo "1885"]
[PlyCount "78"]
[EventDate "2015.09.10"]
[EventType "swiss"]
[EventRounds "5"]
[EventCountry "ITA"]
[SourceTitle "EXT 2024"]
[Source "ChessBase"]
[SourceDate "2023.10.10"]
[SourceVersion "1"]
[SourceVersionDate "2023.10.10"]
[SourceQuality "1"]

1. e4 e6 2. d4 d5 3. e5 c5 4. c3 Nc6 5. Nf3 Qb6 6. Bd3 cxd4 7. cxd4 Bd7 8. 0-0 Nxd4 9. Nxd4 Qxd4 10. Nc3 Qb6 11. Qe2 a6 12. Kh1 Bb4 13. Qg4 g6 14. Be3 Bc5 15. Na4 Bxa4 16. Qxa4+ Kd8 17. Bd2 Ke7 18. Rac1 a5 19. Rc2 Kf8 20. Rfc1 Bd4 21. Bf4 Kg7 22. Rc7 Rd8 23. Bg5 Rf8 24. f4 Bxb2 25. R1c2 Bxe5 26. fxe5 Qb1+ 27. Rc1 Qxd3 28. Qxa5 h6 29. Bh4 g5 30. Bg3 h5 31. Qb6 Qf5 32. a4 h4 33. Bf2 h3 34. Bg3 hxg2+ 35. Kxg2 Nh6 36. Rf1 Qe4+ 37. Kg1 Qg4 38. Qf2 Nf5 39. Rxb7 Qxa4 0-1

[Event "Milan Palladino Memorial-B 7th"]
[Site "Milan"]
[Date "2015.04.06"]
[Round "7"]
[White "Colica, Daniele"]
[Black "Crippa, Oscar"]
[Result "1/2-1/2"]
[WhiteElo "1624"]
[BlackElo "1694"]
[PlyCount "57"]
[EventDate "2015.04.02"]
[EventType "swiss"]
[EventRounds "7"]
[EventCountry "ITA"]
[SourceTitle "EXT 2017"]
[Source "ChessBase"]
[SourceDate "2016.10.25"]
[SourceVersion "1"]
[SourceVersionDate "2016.10.25"]
[SourceQuality "1"]

1. Nf3 d5 2. e3 Nf6 3. c4 c6 4. Nc3 e6 5. d4 Be7 6. Bd3 dxc4 7. Bxc4 0-0 8. 0-0 Nd5 9. e4 Nxc3 10. bxc3 Nd7 11. Qc2 Re8 12. Bf4 Nf8 13. Bd3 b6 14. Rad1 Bb7 15. c4 Ng6 16. Bg3 Bd6 17. e5 Be7 18. Be4 Qc7 19. Qb3 Rad8 20. d5 cxd5 21. cxd5 exd5 22. e6 Bd6 23. exf7+ Qxf7 24. Rxd5 Rxe4 25. Rxd6 Rxd6 26. Qxf7+ Kxf7 27. Ng5+ Kg8 28. Nxe4 Re6 29. Nc3 1/2-1/2

[Event "Amantea op-B 9th"]
[Site "Amantea"]
[Date "2011.09.05"]
[Round "2"]
[White "Crippa, Oscar"]
[Black "Attina, Rodolfo"]
[Result "1-0"]
[WhiteElo "1673"]
[BlackElo "1401"]
[PlyCount "71"]
[EventDate "2011.09.04"]
[EventType "swiss"]
[EventRounds "8"]
[EventCountry "ITA"]
[SourceTitle "EXT 2014"]
[Source "ChessBase"]
[SourceDate "2013.11.20"]
[SourceVersion "1"]
[SourceVersionDate "2013.11.20"]
[SourceQuality "1"]

1. e4 c5 2. d4 cxd4 3. c3 dxc3 4. Nxc3 a6 5. Nf3 b5 6. Bf4 e6 7. Be2 Nc6 8. 0-0 Be7 9. Rc1 Bb7 10. e5 h6 11. Bd3 Qc7 12. Ne4 Rd8 13. Bb1 Qb8 14. a3 Qa8 15. Qe2 b4 16. a4 a5 17. Rfd1 Ba6 18. Bd3 Bxd3 19. Qxd3 b3 20. Qxb3 g5 21. Bg3 g4 22. Nd4 Nb4 23. Nc3 h5 24. Ncb5 Kf8 25. h4 gxh3 26. gxh3 Nd5 27. Qf3 Rc8 28. h4 Rc5 29. Rxc5 Bxc5 30. Nd6 Rh7 31. N4b5 Qd8 32. Rc1 Qb6 33. Ne4 Qc6 34. Rxc5 Qa8 35. Nbd6 Nde7 36. Nf6 1-0

[Event "Milan Crespi op-B 28th"]
[Site "Milan"]
[Date "2007.12.09"]
[Round "6"]
[White "Crippa, Oscar"]
[Black "Colombo, Luca"]
[Result "0-1"]
[WhiteElo "1727"]
[BlackElo "1791"]
[PlyCount "107"]
[EventDate "2007.12.06"]
[EventType "swiss"]
[EventRounds "6"]
[EventCountry "ITA"]
[SourceTitle "EXT 2009"]
[Source "ChessBase"]
[SourceDate "2008.11.26"]
[SourceVersion "1"]
[SourceVersionDate "2008.11.26"]
[SourceQuality "1"]

1. e4 c5 2. d4 cxd4 3. c3 Nf6 4. e5 Nd5 5. cxd4 d6 6. Bb5+ Bd7 7. Bxd7+ Qxd7 8. Nf3 e6 9. 0-0 Be7 10. Nbd2 0-0 11. Ne4 Nc6 12. Bd2 Rac8 13. a3 Rfd8 14. Rc1 Nb6 15. Qe2 d5 16. Nc5 Bxc5 17. dxc5 Nc4 18. Bg5 Re8 19. Qd3 Qc7 20. b4 N6xe5 21. Nxe5 Nxe5 22. Qd4 Nc4 23. Rc3 Qe5 24. Rxc4 Qxg5 25. Rc3 Qf6 26. Qd2 a6 27. Rfc1 Rc7 28. Rf3 Qe7 29. Qd4 Rec8 30. Rfc3 Qd7 31. Rg3 g6 32. h4 Qe7 33. h5 Rf8 34. Rf3 f5 35. hxg6 hxg6 36. Rh3 Qf6 37. Qf4 e5 38. Qh2 Rff7 39. Re1 f4 40. Kf1 Rh7 41. Qg1 Rxh3 42. gxh3 e4 43. Qg4 Qf5 44. Rd1 Qxg4 45. hxg4 Rd7 46. a4 Kf7 47. Ke2 Ke6 48. Rh1 d4 49. f3 d3+ 50. Kd2 e3+ 51. Kd1 Rd4 52. b5 axb5 53. axb5 Ra4 54. Kc1 0-1

[Event "Gorgonzola op-C 12th"]
[Site "Gorgonzola"]
[Date "2007.11.17"]
[Round "4"]
[White "Riva, Carlo"]
[Black "Crippa, Oscar"]
[Result "1-0"]
[WhiteElo "1571"]
[BlackElo "1727"]
[PlyCount "49"]
[EventDate "2007.11.10"]
[EventType "swiss"]
[EventRounds "6"]
[EventCountry "ITA"]
[SourceTitle "EXT 2010"]
[Source "ChessBase"]
[SourceDate "2010.11.25"]
[SourceVersion "1"]
[SourceVersionDate "2010.11.25"]
[SourceQuality "1"]

1. d4 d5 2. Nf3 Nf6 3. e3 Bg4 4. c4 e6 5. cxd5 Nxd5 6. Be2 c6 7. Qb3 Qc7 8. Nc3 Nf6 9. h3 Bh5 10. Ne5 Bxe2 11. Nxe2 Bd6 12. Nf3 Nbd7 13. Nc3 0-0 14. 0-0 Rfe8 15. Bd2 Rad8 16. Rad1 Nb6 17. Na4 Nbd7 18. Bb4 Bxb4 19. Qxb4 Nd5 20. Qb3 N5b6 21. Nxb6 Nxb6 22. Ne5 Rd5 23. Rc1 Rb5 24. Qxb5 cxb5 25. Rxc7 1-0

[Event "Gorgonzola op-C 12th"]
[Site "Gorgonzola"]
[Date "2007.11.11"]
[Round "3"]
[White "Crippa, Oscar"]
[Black "Nastasi, Maurizio"]
[Result "1-0"]
[WhiteElo "1727"]
[BlackElo "1552"]
[PlyCount "55"]
[EventDate "2007.11.10"]
[EventType "swiss"]
[EventRounds "6"]
[EventCountry "ITA"]
[SourceTitle "EXT 2010"]
[Source "ChessBase"]
[SourceDate "2010.11.25"]
[SourceVersion "1"]
[SourceVersionDate "2010.11.25"]
[SourceQuality "1"]

1. e4 g6 2. d4 Bg7 3. Nc3 c6 4. f4 d5 5. e5 Nh6 6. Nf3 0-0 7. Be2 f6 8. 0-0 Bg4 9. Qe1 e6 10. h3 Bxf3 11. Bxf3 fxe5 12. fxe5 Nf5 13. Ne2 Nd7 14. g4 Nh6 15. Be3 Qc7 16. Qd2 Nf7 17. Rac1 c5 18. c3 c4 19. Nf4 Ng5 20. Bg2 Rae8 21. Kh1 Nf7 22. Rf2 Qd8 23. Rcf1 Qh4 24. Ne2 Nh6 25. Kg1 Rxf2 26. Rxf2 Rf8 27. Rxf8+ Nxf8 28. Bg5 1-0

[Event "Monza op"]
[Site "Monza"]
[Date "2006.03.25"]
[Round "4"]
[White "Arboscelli, Gregorio"]
[Black "Crippa, Oscar"]
[Result "1-0"]
[WhiteElo "1894"]
[BlackElo "1577"]
[PlyCount "59"]
[EventDate "2006.03.18"]
[EventType "swiss"]
[EventRounds "6"]
[EventCountry "ITA"]
[SourceTitle "EXT 2007"]
[Source "ChessBase"]
[SourceDate "2006.11.23"]
[SourceVersion "1"]
[SourceVersionDate "2006.11.23"]
[SourceQuality "1"]

1. d4 Nf6 2. c4 e5 3. dxe5 Ng4 4. Nf3 Nc6 5. Nc3 Bc5 6. e3 Ngxe5 7. Be2 d6 8. 0-0 Be6 9. b3 0-0 10. Bb2 Qd7 11. Nd4 a6 12. Ne4 Ba7 13. Ng5 h6 14. Ngxe6 fxe6 15. Nxc6 Nxc6 16. Bd3 e5 17. Be4 Rf6 18. Qh5 Raf8 19. Rae1 Qe8 20. Qg4 Kh8 21. f3 Qf7 22. Bb1 g6 23. Kh1 Ne7 24. f4 g5 25. Rf3 gxf4 26. exf4 Rg8 27. Qd7 Nc6 28. Qxf7 Rxf7 29. fxe5 Rxf3 30. exd6+ 1-0